Gaming Quiz

Random Gaming Quiz

Super Smash Bros Series characters Quiz Stats

 Plays Quiz not verified by Sporcle

Challenge
Share
Tweet
Embed
Score 0/73 Timer 07:00
0 Plays Today
Hint Answer % Correct
Super Smash Bros UltimateDaisy
100%
Super Smash Bros UltimateKing K. Rool
100%
Super Smash Bros UltimateRidley
100%
Super Smash Bros UltimateDark Samus
100%
Super Smash Bros UltimateChrom
100%
Super Smash Bros UltimateInkling
100%
Super Smash Bros UltimateSimon
100%
Super Smash Bros UltimateRichter
100%
Super Smash Bros UltimateIsabelle
100%
Super Smash Bros UltimatePiranha Plant
100%
Super Smash Bros UltimateIncineroar
100%
Super Smash Bros UltimateKen
100%
Super Smash BrosMario
97.9%
Super Smash BrosLink
97.9%
Super Smash BrosLuigi
97.9%
Super Smash Bros MeleeBowser
97.9%
Super Smash Bros 4Cloud
97.7%
Super Smash Bros 4Corrin
97.5%
Super Smash Bros 4Bayonetta
97.5%
Super Smash BrosDonkey Kong
97.4%
Super Smash Bros MeleePeach
97.4%
Super Smash BrosSamus
96.8%
Super Smash BrosPikachu
96.8%
Super Smash Bros MeleeZelda
96.8%
Super Smash BrosKirby
96.3%
Super Smash BrosFox
96.3%
Super Smash BrosNess
96.3%
Super Smash BrosCaptain Falcon
95.8%
Super Smash BrosJigglypuff
95.8%
Super Smash Bros MeleeSheik
95.3%
Super Smash Bros BrawlDiddy Kong
95.3%
Super Smash Bros MeleeGanondorf
94.7%
Super Smash Bros MeleeMarth
94.7%
Super Smash Bros BrawlWario
94.7%
Super Smash Bros 4Bowser Jr.
94.4%
Super Smash Bros 4Lucina
94.2%
Super Smash Bros 4Robin
94.2%
Hint Answer % Correct
Super Smash Bros 4PAC-MAN
94%
Super Smash Bros 4Ryu
93.8%
Super Smash Bros MeleeFalco
93.7%
Super Smash Bros MeleeMewtwo
93.7%
Super Smash Bros MeleeRoy
93.7%
Super Smash Bros BrawlLucas
93.7%
Super Smash BrosYoshi
93.2%
Super Smash Bros MeleeDr. Mario
93.2%
Super Smash Bros MeleePichu
93.2%
Super Smash Bros MeleeMr. Game and Watch
93.2%
Super Smash Bros BrawlKing Dedede
93.2%
Super Smash Bros BrawlLucario
93.2%
Super Smash Bros BrawlToon Link
93.2%
Super Smash Bros BrawlSnake
92.6%
Super Smash Bros BrawlSonic
92.6%
Super Smash Bros 4Greninja
92.6%
Super Smash Bros 4Duck Hunt
92.5%
Super Smash Bros MeleeYoung Link
92.1%
Super Smash Bros BrawlMeta Knight
92.1%
Super Smash Bros BrawlPit
92.1%
Super Smash Bros BrawlZero Suit Samus
92.1%
Super Smash Bros BrawlPokémon Trainer
92.1%
Super Smash Bros BrawlWolf
92.1%
Super Smash Bros 4Palutena
92.1%
Super Smash Bros 4Shulk
92%
Super Smash Bros MeleeIce Climbers
91.6%
Super Smash Bros BrawlIke
91.6%
Super Smash Bros BrawlR.O.B.
91.6%
Super Smash Bros 4Mii Fighters
90.7%
Super Smash Bros 4Dark Pit
90.7%
Super Smash Bros 4Mega Man
90.5%
Super Smash Bros 4Villager
90%
Super Smash Bros 4Rosalina & Luma
89.5%
Super Smash Bros BrawlOlimar
88.4%
Super Smash Bros 4Wii Fit Trainer
88.4%
Super Smash Bros 4Little Mac
87.9%

You're not logged in!

Compare scores with friends on all Sporcle quizzes.
Join for Free
OR
Log In

You Might Also Like...

Show Comments

Extras

Created Apr 1, 2014ReportNominate
Tags:bro, Bros Series, character, smash

Top Quizzes Today


Score Distribution

Your Account Isn't Verified!

In order to create a playlist on Sporcle, you need to verify the email address you used during registration. Go to your Sporcle Settings to finish the process.

Report this User

Report this user for behavior that violates our Community Guidelines.

Details: